00812nam a2200229 a 450000100100000000500170001000800410002704000250006808200150009324501190010826000490022730000210027670000250029770000270032270000270034970000300037670000280040670000400043470000270047470000420050171000390054300004844720240314191552.0140226s2014 dr 000 0 spa d aDO-SdBNPbspacBNPHU axxxxbxxxx00aReflexiones jurídicas /cJulio César Matos, Wilfredo Mora...[et al] ; prólogo José Andres Aybar Sánchez. aSanto Domingo :bEdiciones Unicaribe,c2014. a47 P : ;c23 cm.12aMatos, Julio César12aMora, Wilfredo,d1965-12avólquez Nova, José12aMilton Ray Guevarad1948-12aReynoso, Yenni Berenice12aRodríguez Cabrera, Miguel Antonio12aTerrero, Jaime Caonabo12aAybar Sánchez, José Andreseprol.22aUniversidad del Caribe (UNICARIBE)